00600nam a22001937a 450000500170000001000130001702000220003003500130005203700160006504000120008108200170009324501130011026000410022327000510026430000230031565000260033865000200036470000220038420170124105951.0 aA-682307 c00.00a8120714598 aA-901607 bCen Lib/Ret aDPLbEN a332.673bWHE aWhere the west meets the east :cedited by V. Chandra Mowlibinternational seminar on non-resident Indians / aNew DelhibSterling Publishersc1993 aL-10, Green Park Extension bNew Delhie110016 avi,180p.c22cm(Hb) aIndia--Andhra Pradesh aEconomic policy aMowli, V. Chandra